00380cam a22001097a 4500008004000000082002700040100002500067245006400092260004800156300001100204440005500215180718b1983 xxu||||| |||| 00| 0 eng d aA81x54 In2/81/5/Pt 2 B aCensus of India 1981 aGujarat: general population tables, primary census abstract aDelhibThe Controller of Publicationsc1983 a219+p. aCensus of India 1981. Series-5. Gujarat. Part II-B